000 00559nam a22002057a 4500
005 20211217114609.0
008 211217b ||||| |||| 00| 0 eng d
020 _a0297767534
040 _cAL
041 _aEng
082 _223
_a943.087
_bPRIW
100 _aTerence Prittie
_911734
245 _aWilly Brandt: portrait of a statesman
260 _aLondon
_bWeidenfeld and Nicolson
_c1974
300 _a350 p.
_bHB
_c22x14 cm.
650 _aBrandt Willy
_911735
650 _aBiography
_911736
700 _aPRITTIE (Terence)
_911737
942 _2ddc
_cGF
999 _c220960
_d220960